<?xml version="1.0" encoding="UTF-8"?>
<record
    xmlns:xsi="http://www.w3.org/2001/XMLSchema-instance"
    xsi:schemaLocation="http://www.loc.gov/MARC21/slim http://www.loc.gov/standards/marcxml/schema/MARC21slim.xsd"
    xmlns="http://www.loc.gov/MARC21/slim">

  <leader>01199nam a22002177a 4500</leader>
  <datafield tag="999" ind1=" " ind2=" ">
    <subfield code="c">30566</subfield>
    <subfield code="d">30566</subfield>
  </datafield>
  <controlfield tag="003">OSt</controlfield>
  <controlfield tag="005">20190926090440.0</controlfield>
  <controlfield tag="008">190926b           ||||| |||| 00| 0 eng d</controlfield>
  <datafield tag="020" ind1=" " ind2=" ">
    <subfield code="a">9780415649506</subfield>
  </datafield>
  <datafield tag="040" ind1=" " ind2=" ">
    <subfield code="a">MksU</subfield>
  </datafield>
  <datafield tag="050" ind1=" " ind2=" ">
    <subfield code="a">LB 1555 </subfield>
    <subfield code="b">.H57 2012</subfield>
  </datafield>
  <datafield tag="100" ind1=" " ind2=" ">
    <subfield code="a"> Hirst Heywood Paul </subfield>
  </datafield>
  <datafield tag="245" ind1=" " ind2=" ">
    <subfield code="a">Knowledge and the curriculum : </subfield>
    <subfield code="b">a collection of philosophical papers/</subfield>
    <subfield code="c">Paul H. Hirst</subfield>
  </datafield>
  <datafield tag="260" ind1=" " ind2=" ">
    <subfield code="a">London : </subfield>
    <subfield code="b">Routledge, </subfield>
    <subfield code="c">2012.</subfield>
  </datafield>
  <datafield tag="300" ind1=" " ind2=" ">
    <subfield code="a">xiii,194p. ;</subfield>
    <subfield code="c">21cm.</subfield>
  </datafield>
  <datafield tag="440" ind1=" " ind2=" ">
    <subfield code="a">International library of the philosophy of education, </subfield>
    <subfield code="v">v. 12</subfield>
  </datafield>
  <datafield tag="505" ind1=" " ind2=" ">
    <subfield code="a">1. Philosophy and Curriculum Planning 2. The Nature and Structure of Curriculum Objectives 3. Liberal Education and the Nature of Knowledge 4. Realms of Meaning and Forms of Knowledge 5. Language and Thought 6. The Forms of Knowledge re-visited 7. What is Teaching? 8. The Logical and Psychological Aspects of Teaching a Subject 9. Curriculum Integration 10. Literature and the Fine Arts as a Unique Form of Knowledge 11. The Two-cultures, Science and Moral Education 12. Morals, Religion and the Maintained School</subfield>
  </datafield>
  <datafield tag="650" ind1=" " ind2=" ">
    <subfield code="2">Curriculum planning.</subfield>
  </datafield>
  <datafield tag="650" ind1=" " ind2=" ">
    <subfield code="a">Education.</subfield>
  </datafield>
  <datafield tag="942" ind1=" " ind2=" ">
    <subfield code="2">lcc</subfield>
    <subfield code="h">LB 1555 .H57 2012</subfield>
    <subfield code="c">BOOKS</subfield>
  </datafield>
  <datafield tag="952" ind1=" " ind2=" ">
    <subfield code="0">0</subfield>
    <subfield code="1">0</subfield>
    <subfield code="2">lcc</subfield>
    <subfield code="4">0</subfield>
    <subfield code="7">0</subfield>
    <subfield code="a">MUC</subfield>
    <subfield code="b">MUC</subfield>
    <subfield code="c">GEN</subfield>
    <subfield code="d">2019-09-26</subfield>
    <subfield code="e">Purchase</subfield>
    <subfield code="g">4332.00</subfield>
    <subfield code="l">0</subfield>
    <subfield code="o">LB 1555 .H57 2012</subfield>
    <subfield code="p">23103</subfield>
    <subfield code="r">2019-09-27</subfield>
    <subfield code="w">2019-09-26</subfield>
    <subfield code="y">BOOKS</subfield>
  </datafield>
  <datafield tag="952" ind1=" " ind2=" ">
    <subfield code="0">0</subfield>
    <subfield code="1">0</subfield>
    <subfield code="2">lcc</subfield>
    <subfield code="4">0</subfield>
    <subfield code="7">0</subfield>
    <subfield code="a">MUC</subfield>
    <subfield code="b">MUC</subfield>
    <subfield code="c">GEN</subfield>
    <subfield code="d">2019-09-26</subfield>
    <subfield code="e">Purchase</subfield>
    <subfield code="g">4332.00</subfield>
    <subfield code="l">0</subfield>
    <subfield code="o">LB 1555 .H57 2012</subfield>
    <subfield code="p">23104</subfield>
    <subfield code="r">2019-09-26</subfield>
    <subfield code="w">2019-09-26</subfield>
    <subfield code="y">BOOKS</subfield>
  </datafield>
</record>
